[Event "Challenge"]
[Site "http://www.queenalice.com/game.php?id=147072"]
[Date "2006.12.27"]
[Round "-"]
[White "bradd"]
[Black "cabelo"]
[Result "0-1"]
[WhiteElo "1681"]
[BlackElo "1703"]

1. e4 e5 2. c4 Nf6 3. d3 Nc6 4. a3 Bc5 5. Bg5 Nd4 6. Be3 c6 7. b4 Bb6 8. c5 Bc7
9. Nf3 Nxf3+ 10. Qxf3 d5 11. exd5 cxd5 12. Bg5 e4 13. Bxf6 exf3 14. Bxd8 Bxd8
15. gxf3 Bf6 16. Ra2 Bd7 17. Re2+ Be6 18. Bh3 Ke7 19. f4 g6 20. f5 gxf5 21. Bxf5
Kd7 22. Bxe6+ fxe6 23. f3 Rae8 24. Rf1 b6 25. cxb6 axb6 26. f4 d4 27. Nd2 Ra8
28. Nc4 Rhb8 29. Ra2 b5 30. Ne5+ Bxe5 31. fxe5 Kc6 32. Rc2+ Kb6 33. Kd2 Rxa3 34.
Rfc1 Ka7 35. Ke2 Rb3 36. Rc7+ Rb7 37. R7c6 Rb6 38. Rxb6 Kxb6 39. h4 Rxb4 40. Kf3
Rb3 41. Ke4 Rc3 42. Rg1 b4 43. Rg8 Kc7 44. h5 b3 45. Rg7+ Kc6 46. Rg8 Kc7 47.
Rg7+ Kb8 0-1

[Event "Challenge"]
[Site "http://www.queenalice.com/game.php?id=147073"]
[Date "2006.12.27"]
[Round "-"]
[White "bradd"]
[Black "cislau"]
[Result "1-0"]
[WhiteElo "1623"]
[BlackElo "1638"]

1. e4 c5 2. c4 Nf6 3. d3 g6 4. f4 Bg7 5. e5 Nh5 6. g4 e6 7. gxh5 Qh4+ 8. Kd2
Qxf4+ 9. Kc2 Qf2+ 10. Kb3 Bxe5 11. Nd2 Bxh2 12. Ne2 b6 13. Ne4 Qh4 14. hxg6 hxg6
15. Bg5 Nc6 16. Bxh4 Na5+ 17. Kc2 f5 18. Nf6+ Kf7 19. Bg5 Bb7 20. Rxh2 Rxh2 21.
Qe1 Rah8 22. Qg3 d5 23. Qc7+ Kf8 24. cxd5 exd5 25. Qd6+ Kf7 26. Nd7 Nc6 27. Qf6+
Kg8 28. Qxg6# 1-0

[Event "Do you want to play again with m"]
[Site "http://www.queenalice.com/game.php?id=147868"]
[Date "2006.12.29"]
[Round "-"]
[White "Enrico"]
[Black "bradd"]
[Result "0-1"]
[WhiteElo "1703"]
[BlackElo "1640"]

1. e4 e5 2. Nf3 h6 3. Bc4 a6 4. Nxe5 Qh4 5. Nxf7 Qxe4+ 6. Qe2 Qxe2+ 7. Kxe2 Rh7
8. Bd3 g6 9. Ne5 Re7 10. Kd1 Rxe5 11. Bxg6+ Kd8 12. d3 d5 13. Bf4 Re6 14. Bh5
Nf6 15. Bf3 c6 16. Nc3 b5 17. Kd2 Bb4 18. Kd1 Bxc3 19. bxc3 Re8 20. Rb1 Bg4 21.
Bxg4 Nxg4 22. Bg3 Nd7 23. f3 Ne3+ 24. Kd2 Nxg2 25. Rhg1 Ne3 26. Rge1 Nf5 27. Bf2
Ne5 28. Ke2 Ng4+ 29. Kf1 Nxf2 30. Kxf2 Ra7 31. Rg1 Ne3 32. Rb2 Rae7 33. Rg6 Nd1+
34. Kg3 Nxb2 35. Rxc6 Re6 36. Rc5 Rd6 37. f4 Na4 0-1

[Event "Challenge"]
[Site "http://www.queenalice.com/game.php?id=150659"]
[Date "2007.1.6"]
[Round "-"]
[White "king_chess"]
[Black "bradd"]
[Result "0-1"]
[WhiteElo "1614"]
[BlackElo "1641"]

1. e4 e5 2. f4 exf4 3. Nf3 d6 4. d4 Bg4 5. Bxf4 h6 6. Bb5+ Nd7 7. Nc3 a6 8.
Bxd7+ Qxd7 9. d5 g5 10. Be3 Bxf3 11. Qxf3 Bg7 12. O-O f6 13. Qh5+ Qf7 14. Qg4
Ne7 15. Qe6 O-O 16. Kh1 Rae8 17. Rad1 Nc8 18. Qxf7+ Rxf7 19. g4 b5 20. a3 f5 21.
gxf5 Bxc3 22. bxc3 Rxe4 23. Bc1 Re2 24. Rd2 Rxd2 25. Bxd2 Ne7 26. Re1 Nxd5 27.
Rf1 c5 28. h3 Nf6 29. Rf3 c4 30. Be3 Nh5 31. Kh2 Ng7 32. f6 Ne8 33. Bd4 h5 34.
Kg3 Kh7 35. h4 g4 36. Rf5 Kg6 37. Rg5+ Kh6 38. Rf5 Nc7 39. Kh2 Ne6 40. Be3+ Kg6
41. Rd5 Rxf6 42. Rxd6 Ng7 43. Rxf6+ Kxf6 44. Bd4+ Kf7 45. Bc5 Ne6 46. Be3 Kf6
47. Kg3 Kf5 48. Kh2 Ke4 49. Bb6 Kf3 50. Bd4 Nxd4 51. Kg1 Ne2+ 0-1

[Event "Challenge"]
[Site "http://www.queenalice.com/game.php?id=152060"]
[Date "2007.1.9"]
[Round "-"]
[White "bradd"]
[Black "cislau"]
[Result "0-1"]
[WhiteElo "1659"]
[BlackElo "1601"]

1. h3 e5 2. e4 Nf6 3. d3 Bc5 4. Be3 Bxe3 5. fxe3 d5 6. exd5 Nxd5 7. Qe2 c6 8. c4
Qa5+ 9. Nd2 Nb4 10. Qd1 Qd8 11. a3 Nxd3+ 12. Bxd3 Qxd3 13. Qe2 Qc2 14. Rb1 O-O
15. Ngf3 Nd7 16. O-O Nf6 17. Rfc1 Qg6 18. Nxe5 Qg5 19. Nef3 Qg6 20. e4 Bxh3 21.
e5 Nh5 22. Nh4 Nf4 23. Qf3 Qg5 24. Re1 Qxh4 25. gxh3 Nxh3+ 26. Kf1 Rad8 27. Rbd1
Ng5 28. Qf2 Qh3+ 29. Qg2 Qf5+ 30. Kg1 Rxd2 31. Rxd2 Nf3+ 32. Qxf3 Qxf3 33. Rf2
Qg3+ 34. Kf1 Qd3+ 35. Ree2 Qxc4 36. Rf3 Rd8 37. Kf2 Qc5+ 38. Ree3 Rd2+ 0-1

[Event "Challenge"]
[Site "http://www.queenalice.com/game.php?id=153804"]
[Date "2007.1.14"]
[Round "-"]
[White "bradd"]
[Black "Vampiria"]
[Result "1-0"]
[WhiteElo "1666"]
[BlackElo "1109"]

1. d4 d5 2. b4 Qd7 3. e3 e6 4. a3 c6 5. f4 Nf6 6. g4 Ne4 7. g5 b5 8. c3 f6 9.
gxf6 gxf6 10. Bd3 e5 11. fxe5 Qf5 12. Bxe4 Qxe4 13. Qf3 Bf5 14. Nd2 Qc2 15. e4
Rg8 16. Qxf5 Qxc3 17. Qe6+ Be7 18. Qxg8+ Bf8 19. Qe6+ Be7 20. exd5 Qe3+ 21. Ne2
Qc3 22. Nxc3 a6 23. dxc6 Kd8 24. Nd5 Nd7 25. Qxd7# 1-0

[Event "A nega! hehehe"]
[Site "http://www.queenalice.com/game.php?id=155946"]
[Date "2007.1.19"]
[Round "-"]
[White "bradd"]
[Black "cislau"]
[Result "1-0"]
[WhiteElo "1656"]
[BlackElo "1747"]

1. e4 e5 2. c4 Bc5 3. a3 Nc6 4. Nc3 Bd4 5. d3 h6 6. h4 Nf6 7. g4 d6 8. g5 Ng4 9.
Be3 Bxc3+ 10. bxc3 Nxe3 11. fxe3 hxg5 12. h5 Qf6 13. Qe2 g6 14. h6 Na5 15. d4
Nxc4 16. Qxc4 c6 17. Qe2 g4 18. d5 Qg5 19. h7 g3 20. dxc6 bxc6 21. O-O-O Bg4 22.
Nf3 Bxf3 23. Qxf3 f5 24. Rxd6 Qe7 25. Rxg6 Qxa3+ 26. Kd2 O-O-O+ 27. Bd3 Qb2+ 28.
Ke1 Qxc3+ 29. Kf1 Qxd3+ 30. Kg2 Qc2+ 31. Kxg3 f4+ 32. exf4 Rd3 33. Rxc6+ Qxc6
34. Qxd3 Qg6+ 35. Kf3 Rxh7 36. Rc1+ Rc7 37. Rxc7+ Kxc7 38. Qc3+ Qc6 39. Qxe5+
Qd6 40. Qxd6+ Kxd6 41. e5+ Ke6 42. Kg4 a5 43. f5+ Kxe5 44. Kg5 a4 45. f6 a3 46.
f7 1-0

[Event "AUTO-INT-168"]
[Site "http://www.queenalice.com/game.php?id=158575"]
[Date "2007.1.24"]
[Round "2"]
[White "jcbraga"]
[Black "bradd"]
[Result "1-0"]
[WhiteElo "1742"]
[BlackElo "1697"]

1. e4 Nf6 2. Nc3 e6 3. d4 a6 4. Bg5 b5 5. e5 h6 6. Bxf6 gxf6 7. exf6 Bb4 8. a3
Bxc3+ 9. bxc3 Qxf6 10. Be2 Bb7 11. Bf3 d5 12. Ne2 Nd7 13. O-O Qg7 14. a4 c6 15.
axb5 cxb5 16. Nf4 Nf6 17. Nh5 Qg6 18. Nxf6+ Qxf6 19. Qe2 Qg5 20. Bh5 Rg8 21.
Qxe6+ Qe7 22. Bxf7+ Kf8 23. Bxg8 Qxe6 24. Bxe6 Ke7 25. Rfe1 Kf8 26. Re5 Re8 27.
Rf5+ Kg7 28. Rf7+ Kg6 29. Rxb7 Rxe6 30. Ra7 Kf5 31. R7xa6 1-0

[Event "AUTO-INT-168"]
[Site "http://www.queenalice.com/game.php?id=158576"]
[Date "2007.1.24"]
[Round "2"]
[White "bradd"]
[Black "jcbraga"]
[Result "1-0"]
[WhiteElo "1664"]
[BlackElo "1741"]

1. e4 e5 2. Bc4 c6 3. Qf3 Nf6 4. g4 h6 5. h4 d5 6. exd5 cxd5 7. Bb5+ Bd7 8.
Bxd7+ Nbxd7 9. Nc3 Qc7 10. Nge2 e4 11. Nb5 Qb6 12. Qb3 O-O-O 13. Rh3 Nxg4 14.
Ned4 a6 15. d3 axb5 16. Be3 Nxe3 17. fxe3 b4 18. Qxd5 exd3 19. Qc4+ Qc7 20. Qxd3
Ne5 21. Qf5+ Kb8 22. O-O-O Bc5 23. Nb5 Bxe3+ 24. Rxe3 Rxd1+ 25. Kxd1 Rd8+ 26.
Kc1 Qc5 27. Qxe5+ Qxe5 28. Rxe5 f6 29. Re7 g5 30. Rh7 gxh4 31. Rxh6 1-0

[Event "AUTO-INT-168"]
[Site "http://www.queenalice.com/game.php?id=158579"]
[Date "2007.1.24"]
[Round "2"]
[White "bradd"]
[Black "kqrpnb"]
[Result "0-1"]
[WhiteElo "1701"]
[BlackElo "1603"]

1. e4 c5 2. e5 Nc6 3. Nf3 g6 4. d3 Bg7 5. Be2 Nxe5 6. c3 d6 7. Bf4 b6 8. Bxe5
dxe5 9. Nbd2 Bf5 10. h3 Bxd3 11. Bxd3 Qxd3 12. Qa4+ b5 13. Qa6 Qd7 14. O-O-O Rb8
15. Ne4 Qc7 16. c4 Rb6 17. Qa5 Qc6 18. Qxa7 Qb7 19. Qa5 Qa6 20. Qd2 Qc8 21. Nxc5
Rd6 22. Qb4 Nf6 23. Qxb5+ Nd7 24. Nb7 Rb6 25. Qxd7+ Qxd7 26. Rxd7 Kxd7 27. Nc5+
Kc7 28. Rd1 Rd8 29. Rxd8 Kxd8 30. Ng5 h6 31. Nge4 f5 32. Nc3 e4 33. N5a4 Rd6 34.
Nc5 Bxc3 35. bxc3 Kc7 36. Kc2 Rc6 37. Nb3 Rxc4 38. g3 e5 39. Na5 Ra4 0-1

[Event "AUTO-INT-168"]
[Site "http://www.queenalice.com/game.php?id=158580"]
[Date "2007.1.24"]
[Round "2"]
[White "kqrpnb"]
[Black "bradd"]
[Result "1-0"]
[WhiteElo "1586"]
[BlackElo "1713"]

1. e4 d5 2. exd5 Qxd5 3. Nc3 Qe5+ 4. Be2 Qe6 5. Nf3 a6 6. O-O h5 7. Re1 c6 8.
Bxa6 Qd7 9. Bc4 b5 10. Ne5 Qd4 11. Bxf7+ Kd8 12. Qf3 Ra6 13. Bd5 Nf6 14. Bxc6
Bg4 15. Nxb5 Bxf3 16. Nxd4 Bxc6 17. Nf7+ Kd7 18. Nxh8 g5 19. Ng6 Bh6 20. Nf5 Be4
21. Ngxe7 Bxf5 22. Nxf5 Nd5 23. c4 Re6 24. Rxe6 Kxe6 25. Nxh6 Nf6 26. d4 g4 27.
d5+ Ke5 28. g3 1-0

[Event "Challenge"]
[Site "http://www.queenalice.com/game.php?id=164548"]
[Date "2007.2.6"]
[Round "-"]
[White "bradd"]
[Black "cislau"]
[Result "1-0"]
[WhiteElo "1695"]
[BlackElo "1757"]

1. e4 c5 2. d3 Nc6 3. Be3 h6 4. c4 Nf6 5. h3 d6 6. f4 Nb4 7. a3 Nc6 8. Nc3 a6 9.
Nd5 e6 10. Nc3 g6 11. g4 Bg7 12. d4 cxd4 13. Bxd4 Nxd4 14. Qxd4 O-O 15. Nf3 Nxg4
16. Qd2 Nf6 17. O-O-O Ne8 18. h4 Bxc3 19. Qxc3 d5 20. cxd5 exd5 21. f5 Bxf5 22.
exf5 Rc8 23. fxg6 fxg6 24. Bc4 Rxc4 25. Qxc4 dxc4 26. Rxd8 Kf7 27. Ne5+ Ke7 28.
Nxg6+ 1-0

[Event "Challenge"]
[Site "http://www.queenalice.com/game.php?id=164847"]
[Date "2007.2.7"]
[Round "-"]
[White "bradd"]
[Black "jablonski"]
[Result "1-0"]
[WhiteElo "1676"]
[BlackElo "1755"]

1. e4 e5 2. Qf3 Nf6 3. h3 Nc6 4. c3 Bc5 5. b4 Bd6 6. d3 h6 7. a3 O-O 8. g4 a6 9.
g5 hxg5 10. Bxg5 Be7 11. h4 d6 12. Bxf6 Bxf6 13. h5 Ne7 14. h6 g6 15. Qxf6 1-0

[Event "Challenge"]
[Site "http://www.queenalice.com/game.php?id=168625"]
[Date "2007.2.14"]
[Round "-"]
[White "bradd"]
[Black "cegonha85"]
[Result "0-1"]
[WhiteElo "1664"]
[BlackElo "1529"]

1. e3 c5 2. d3 Nc6 3. Nf3 Nf6 4. e4 d6 5. c3 e5 6. Bg5 Be7 7. Na3 Bg4 8. Be2 a6
9. h3 Be6 10. Nd2 b5 11. g4 d5 12. f4 Bd6 13. f5 Bd7 14. exd5 Ne7 15. Bxf6 gxf6
16. Ne4 Qc7 17. Nxf6+ Kd8 18. Nxd7 Qxd7 19. c4 Bc7 20. O-O f6 21. Bf3 h5 22. d6
Rc8 23. Bb7 Rb8 24. Bxa6 Qxd6 25. Bxb5 hxg4 26. Qxg4 Qxd3 27. Rad1 Qd6 28. Qg7
Rg8 29. Rxd6+ Bxd6 30. Qxg8+ Nxg8 31. Rd1 Kc7 32. Nc2 e4 33. Ne3 Ne7 34. a4 Rg8+
35. Kf2 Rg3 36. a5 Rxh3 37. a6 Rh2+ 38. Ng2 Nxf5 39. a7 Kb7 40. Ra1 Bg3+ 41. Kg1
Rh8 42. Bc6+ Kxc6 43. a8=Q+ Rxa8 44. Rxa8 Nd6 45. Ra6+ Kc7 46. Ne3 f5 47. b4
cxb4 48. c5 Nb7 49. c6 Nc5 50. Nd5+ Kd6 51. c7+ Kd7 52. Rc6 Kxc6 53. c8=Q+ Kxd5
54. Qxf5+ Be5 55. Kf2 b3 56. Qf7+ Kd4 57. Ke2 b2 58. Qa2 Nd3 59. Qa4+ Kc3 60.
Qd1 Nc1+ 61. Kf1 b1=Q 0-1

[Event "philip"]
[Site "http://www.queenalice.com/game.php?id=189916"]
[Date "2007.3.30"]
[Round "-"]
[White "bradd"]
[Black "spawnwolfwolverine"]
[Result "1-0"]
[WhiteElo "1686"]
[BlackElo "1632"]

1. e4 e5 2. d4 Nc6 3. d5 Nce7 4. Qf3 d6 5. Nh3 g6 6. Ng5 f6 7. Ne6 Bxe6 8. dxe6
c6 9. Bg5 Bg7 10. Bh4 Qa5+ 11. Nc3 O-O-O 12. g4 h5 13. g5 Rf8 14. Qd3 Rd8 15. a3
d5 16. b4 dxe4 17. Qxe4 Qb6 18. b5 f5 19. Qb4 e4 20. a4 Bxc3+ 21. Qxc3 Nd5 22.
Qxh8 Nge7 23. a5 Qxf2+ 24. Bxf2 Rxh8 25. Bxa7 cxb5 26. Bxb5 Nc3 27. Bd7+ Kc7 28.
Bb6+ Kd6 29. Kd2 Ncd5 30. Rhd1 Nxb6 31. axb6 f4 32. Ra5 e3+ 33. Kc3+ Nd5+ 34.
Rdxd5+ Ke7 35. Kd3 Rd8 36. Ke4 e2 37. Ra1 f3 38. Ke3 Rxd7 39. exd7 Kd8 40. Kxf3
e1=Q 41. Rxe1 h4 42. Re8# 1-0

[Event "Challenge"]
[Site "http://www.queenalice.com/game.php?id=189924"]
[Date "2007.3.30"]
[Round "-"]
[White "spawnwolfwolverine"]
[Black "bradd"]
[Result "0-1"]
[WhiteElo "1707"]
[BlackElo "1668"]

1. c4 e5 2. d3 Qf6 3. e4 Bc5 4. Be3 Bxe3 5. fxe3 Nc6 6. Nf3 d6 7. Be2 Qg6 8. g3
Bg4 9. O-O h5 10. Nh4 Qe6 11. Bxg4 hxg4 12. Nf5 Qg6 13. Nc3 Nge7 14. Nxe7 Nxe7
15. Nd5 Nxd5 16. exd5 Qh6 17. Qe2 f6 18. e4 O-O-O 19. Qxg4+ Kb8 20. h4 Qe3+ 21.
Kh2 Rdg8 22. Rad1 g5 23. Rxf6 gxh4 24. Rf3 hxg3+ 25. Kxg3 Rxg4+ 26. Kxg4 Rg8+
27. Kf5 Qxf3+ 28. Ke6 Qxd1 29. b4 Qg4+ 30. Ke7 Rg7+ 31. Kf6 Qg6# 0-1

[Event "Challenge"]
[Site "http://www.queenalice.com/game.php?id=194485"]
[Date "2007.4.10"]
[Round "-"]
[White "bradd"]
[Black "Bernobr"]
[Result "0-1"]
[WhiteElo "1700"]
[BlackElo "1714"]

1. e4 c5 2. d4 cxd4 3. Qxd4 Nc6 4. Qc3 d6 5. Nf3 Nf6 6. Bb5 Qb6 7. Na3 Nxe4 8.
Qe3 Qxe3+ 9. Bxe3 e6 10. Nd2 Nxd2 11. Bxd2 Be7 12. O-O-O O-O 13. g3 a6 14. Bxc6
bxc6 15. h4 Rb8 16. h5 h6 17. g4 Bd7 18. f4 Bf6 19. c3 Rb7 20. Rhg1 Rfb8 21. b3
c5 22. g5 hxg5 23. fxg5 Be7 24. g6 f6 25. h6 d5 26. h7+ Kh8 27. Kc2 c4 28. b4
Ba4+ 29. Kc1 Bxd1 30. Kxd1 a5 31. Nc2 axb4 32. cxb4 e5 33. a3 d4 34. a4 c3 35.
Rg4 cxd2 36. Rg3 Bxb4 0-1

[Event "Challenge"]
[Site "http://www.queenalice.com/game.php?id=207117"]
[Date "2007.5.6"]
[Round "-"]
[White "bradd"]
[Black "cislau"]
[Result "0-1"]
[WhiteElo "1685"]
[BlackElo "1809"]

1. e4 c5 2. d4 g6 3. d5 Bg7 4. c3 d6 5. g3 Nf6 6. f3 O-O 7. h4 Nh5 8. Bh3 Nxg3
9. Bxc8 Nxh1 10. Bxb7 e6 11. Bxa8 Qxh4+ 12. Kd2 Qf2+ 13. Ne2 Qxf3 14. Kc2 Qxe4+
15. Qd3 Qg2 16. Be3 Ng3 17. Kd2 e5 18. Na3 e4 19. Rg1 Nf1+ 20. Ke1 exd3 21. Rxg2
dxe2 22. Kxe2 Nxe3 23. Kxe3 Nd7 24. Nc4 Rxa8 25. Nxd6 Be5 26. Ne4 Rb8 27. d6 Rb6
28. Rd2 Bg7 29. Rd5 Nf6 30. Rxc5 Nxe4 31. Kxe4 Rxd6 32. Rd5 f5+ 0-1

[Event "Challenge"]
[Site "http://www.queenalice.com/game.php?id=207118"]
[Date "2007.5.6"]
[Round "-"]
[White "bradd"]
[Black "cislau"]
[Result "0-1"]
[WhiteElo "1674"]
[BlackElo "1820"]

1. e4 c5 2. d3 Nc6 3. a3 g6 4. c3 Bg7 5. Bf4 d5 6. Nd2 Nf6 7. h3 O-O 8. g4 e5 9.
Bg5 d4 10. c4 h6 11. Bxf6 Bxf6 12. Bg2 Bh4 13. Qe2 Na5 14. Ngf3 Bg5 15. Nxg5
Qxg5 16. Rb1 Bd7 17. Nf3 Qf4 18. g5 hxg5 19. h4 g4 20. Nd2 g3 21. f3 Kg7 22. Bh3
Bxh3 23. Rxh3 Rh8 24. Qg2 Rxh4 25. Qxg3 Qe3+ 26. Kd1 Rxh3 27. Qxh3 Qxd3 28. b3
Qe3 29. Qf1 Rh8 30. Rb2 Rh2 31. Qe1 Qh6 32. b4 Rh1 33. Nf1 Nxc4 34. Rf2 Ne3+ 35.
Kd2 Ng2+ 0-1

[Event "Amistoso"]
[Site "http://www.queenalice.com/game.php?id=208453"]
[Date "2007.5.9"]
[Round "-"]
[White "cabelo"]
[Black "bradd"]
[Result "0-1"]
[WhiteElo "1633"]
[BlackElo "1683"]

1. e4 e5 2. Nf3 d6 3. d4 exd4 4. Nxd4 c5 5. Bb5+ Bd7 6. Bxd7+ Nxd7 7. Nf3 h6 8.
Nc3 Qa5 9. Bd2 Qa6 10. Nd5 Qc6 11. O-O Ndf6 12. Re1 O-O-O 13. Bc3 Nxd5 14. Qxd5
Qc7 15. e5 dxe5 16. Qxe5 f6 17. Qf5+ Kb8 18. Rad1 Bd6 19. Qe6 Ne7 0-1

[Event "Challenge"]
[Site "http://www.queenalice.com/game.php?id=214999"]
[Date "2007.5.22"]
[Round "-"]
[White "bradd"]
[Black "umom_ne_poniat"]
[Result "0-1"]
[WhiteElo "1664"]
[BlackElo "1961"]

1. e4 e5 2. Nf3 d6 3. Bc4 Bg4 4. h3 Bh5 5. d3 h6 6. Bd5 c6 7. Bb3 Nf6 8. g4 Bg6
9. Be3 Nbd7 10. d4 Bxe4 11. dxe5 Nxe5 12. Nbd2 Nxf3+ 13. Nxf3 d5 14. Qe2 Bb4+
15. c3 Bd6 16. O-O-O Qc7 17. Bc2 Bf4 18. Bxe4 Nxe4 19. Nd2 O-O 20. Nxe4 dxe4 21.
Rd4 Rfe8 22. Rhd1 Re7 23. Bxf4 Qxf4+ 24. Kb1 Rae8 25. Rd8 Qc7 26. Rxe8+ Rxe8 27.
Qe3 a6 28. f4 b5 29. Rd4 Qe7 30. c4 Qc5 31. b3 Qb6 32. cxb5 axb5 33. Qd2 e3 34.
Qd3 e2 35. Re4 Rxe4 36. Qxe4 Qg1+ 37. Kb2 e1=Q 38. Qxc6 Qd2+ 39. Ka3 Qa7+ 40.
Qa6 Qxa6# 0-1

[Event "cegonha85"]
[Site "http://www.queenalice.com/game.php?id=271058"]
[Date "2007.9.13"]
[Round "1"]
[White "Tiagoviegas"]
[Black "bradd"]
[Result "0-1"]
[WhiteElo "1441"]
[BlackElo "1683"]

1. e4 e5 2. Qh5 Nf6 3. Qxe5+ Be7 4. d3 Nc6 5. Qg3 d5 6. Nc3 g6 7. Be2 Nd4 8. Bd1
Be6 9. Be3 Nxc2+ 10. Bxc2 d4 11. Ba4+ c6 12. Nd1 dxe3 13. Nxe3 Bb4+ 14. Ke2 Nxe4
15. Qf4 Nc5 16. Qxb4 Qxd3+ 17. Kf3 Na6 18. Qxb7 O-O 19. Rd1 Bd5+ 20. Kg3 Qe4 21.
Qxa6 Qe5+ 22. Kh3 Be6+ 23. Ng4 Qh5+ 24. Kg3 Qxg4# 0-1

[Event "Challenge"]
[Site "http://www.queenalice.com/game.php?id=278549"]
[Date "2007.9.29"]
[Round "-"]
[White "bradd"]
[Black "Eduardomoreto67"]
[Result "0-1"]
[WhiteElo "1689"]
[BlackElo "1876"]

1. e4 c5 2. Bb5 a6 3. Bc4 Nc6 4. Qf3 Ne5 5. Qc3 Nxc4 6. Qxc4 e6 7. d3 d5 8. exd5
exd5 9. Qf4 Nf6 10. Ne2 Bd6 11. Qf3 O-O 12. Nbc3 Bg4 13. Qe3 d4 14. Qd2 dxc3 15.
Qxc3 Bxe2 16. Kxe2 Be5 17. Qxc5 Re8 18. Be3 Bxb2 19. Rab1 Bd4 20. Qg5 h6 21. Qg3
Bxe3 22. fxe3 Nd5 23. Rxb7 Rxe3+ 0-1

[Event "cegonha85"]
[Site "http://www.queenalice.com/game.php?id=307557"]
[Date "2007.11.21"]
[Round "2"]
[White "cislau"]
[Black "bradd"]
[Result "1-0"]
[WhiteElo "1751"]
[BlackElo "1680"]

1. d4 Nc6 2. c4 d5 3. cxd5 Qxd5 4. e3 Nf6 5. Nc3 Qg5 6. Nf3 Qg6 7. Ne5 Nxe5 8.
dxe5 Ne4 9. Qa4+ Bd7 10. Qxe4 Qxe4 11. Nxe4 e6 12. a3 h6 13. g3 Be7 14. Bg2 Bc6
15. b4 O-O 16. O-O Rfd8 17. Bb2 Bb5 18. Rfe1 Rd7 19. Bd4 Ba4 20. Bc5 b6 21. Nf6+
gxf6 22. Bxa8 bxc5 23. bxc5 fxe5 24. c6 Rd2 25. Reb1 Rd8 26. Bb7 Rd6 27. Rc1 f5
28. Rc4 Bd1 29. Ba6 e4 30. Rb1 Kg7 31. Rcc1 Bf3 32. Rb7 Bd8 33. Rxa7 Kf6 34. Kf1
Rd2 35. Ke1 Ra2 36. Bc4 Rb2 37. Rb7 1-0